Kniha mystickej poézie Svätý Ján z Kríža: Živý plameň lásky

Bibliographic Details
Main Author: Sabolová-Princic, Dagmar, 1959- (Author)
Format: Article
Language:Slovak
PhysicalDescription:Obr.
ISSN:0139-8512
Subjects:

MARC

LEADER 00000nab a2200000 a 4500
001 vtls000661382
003 SK-MaSNL
005 20260304002723.0
008 040806c1998 xo 0 slo
015 |a SNBRB1998/06-16617 
035 |a CLN000013572 
040 |a SNKBUCL  |b slo  |c SNKBUCL  |e AACR2 
041 0 |a slo 
044 |a xo  |c SK 
080 |a 82.09:860-1(048)  |2 1997 
080 |a 860-1(048)  |2 1997 
100 1 |a Sabolová-Princic, Dagmar,  |d 1959-  |4 aut  |9 153223 
245 1 0 |a Kniha mystickej poézie  |b Svätý Ján z Kríža: Živý plameň lásky  |c Dagmar Sabolová 
300 |b Obr. 
650 0 7 |a španielska poézia  |2 snkbucl  |9 82954 
650 0 7 |a náboženská poézia  |2 snkbucl  |9 1739 
655 7 |a recenzie  |2 snkbucl  |9 21907 
773 0 |t Katolícke noviny  |g Roč. 113, č. 26 (1998), s. 15  |x 0139-8512 
787 0 8 |i Rec.:  |a Ján z Kríža, svätý, 1542-1591  |t Živý plameň lásky  |d Bratislava : Slovenský spisovateľ, 1997  |z 8022008125 
850 |a Slovenská národná knižnica v Martine 
852 |a SNK  |b KIS3GCP 
999 |c 2543321  |d 2545251